[Event "Hannover-ch U18"]
[Site "Lehrte"]
[Date "2013.10.20"]
[Round "5"]
[White "Brauer, Jan"]
[Black "Sirkis, Alexander"]
[Result "1-0"]
[WhiteElo "1457"]
[BlackElo "1289"]
[PlyCount "69"]
[EventDate "2013.10.20"]
[EventType "tourn"]
[EventRounds "7"]
[EventCountry "GER"]
[SourceTitle "EXT 2021"]
[Source "ChessBase"]
[SourceDate "2020.10.23"]
[SourceVersion "1"]
[SourceVersionDate "2020.10.23"]
[SourceQuality "1"]

1. e4 c5 2. Nf3 e6 3. d4 cxd4 4. Nxd4 a6 5. Nc3 Qc7 6. Be3 Nc6 7. Nb3 Nf6 8. a3 Be7 9. Qd2 0-0 10. 0-0-0 b5 11. f3 b4 12. axb4 Bxb4 13. Bf4 Bxc3 14. Bxc7 Bxd2+ 15. Rxd2 d5 16. exd5 Nxd5 17. Bg3 a5 18. Bb5 Nce7 19. Nc5 Nf5 20. Bc6 Nxg3 21. hxg3 Ra7 22. Bxd5 exd5 23. Rxd5 Re8 24. b3 h6 25. Rhh5 Be6 26. Nxe6 Rxe6 27. Rxa5 Rxa5 28. Rxa5 Re2 29. g4 Rxg2 30. Rf5 f6 31. b4 Kf7 32. b5 Ke7 33. Rd5 Re2 34. b6 Re6 35. Rb5 1-0

[Event "Hannover-ch U18"]
[Site "Lehrte"]
[Date "2013.10.20"]
[Round "3"]
[White "Giesemann, Sarah"]
[Black "Sirkis, Alexander"]
[Result "0-1"]
[WhiteElo "884"]
[BlackElo "1289"]
[PlyCount "86"]
[EventDate "2013.10.20"]
[EventType "tourn"]
[EventRounds "7"]
[EventCountry "GER"]
[SourceTitle "EXT 2021"]
[Source "ChessBase"]
[SourceDate "2020.10.23"]
[SourceVersion "1"]
[SourceVersionDate "2020.10.23"]
[SourceQuality "1"]

1. e4 c5 2. Nf3 d6 3. Bc4 Nc6 4. d3 Nf6 5. Nc3 e6 6. Bf4 a6 7. a4 Bd7 8. 0-0 Be7 9. e5 dxe5 10. Bxe5 Nxe5 11. Nxe5 Bd6 12. Re1 0-0 13. Nxd7 Qxd7 14. Ne4 Nxe4 15. Rxe4 Qc7 16. g3 Rad8 17. b3 Qc6 18. Rg4 b5 19. axb5 axb5 20. Bxb5 Qxb5 21. Rh4 Be7 22. Rh5 Rd5 23. c4 Qxb3 24. Qxb3 Rxh5 25. Qb7 Bd6 26. Ra8 Re5 27. f4 Re2 28. Rc8 Rd2 29. Rxf8+ Kxf8 30. Qc8+ Ke7 31. Qb7+ Kf6 32. Qe4 g6 33. g4 h6 34. h4 g5 35. f5 gxh4 36. Qf3 Kg5 37. Qe3+ Bf4 38. Qxc5 Kxg4 39. f6 h3 40. Qf8 h2+ 41. Kh1 Rd1+ 42. Kg2 h1Q+ 43. Kf2 Qf3# 0-1

[Event "Hannover-ch U18"]
[Site "Lehrte"]
[Date "2013.10.20"]
[Round "2"]
[White "Sirkis, Alexander"]
[Black "Alpers, Simon"]
[Result "1/2-1/2"]
[WhiteElo "1289"]
[BlackElo "1187"]
[PlyCount "114"]
[EventDate "2013.10.20"]
[EventType "tourn"]
[EventRounds "7"]
[EventCountry "GER"]
[SourceTitle "EXT 2021"]
[Source "ChessBase"]
[SourceDate "2020.10.23"]
[SourceVersion "1"]
[SourceVersionDate "2020.10.23"]
[SourceQuality "1"]

1. e4 e5 2. Nf3 Nc6 3. Bb5 Bc5 4. Nxe5 Nxe5 5. d4 Bd6 6. dxe5 Bxe5 7. f4 a6 8. Bxd7+ Qxd7 9. Qxd7+ Bxd7 10. fxe5 f6 11. exf6 Nxf6 12. 0-0 Nxe4 13. Re1 Bc6 14. Nc3 0-0-0 15. Nxe4 Bxe4 16. Rxe4 Rd1+ 17. Kf2 Rf8+ 18. Kg3 Rff1 19. Rf4 Rfe1 20. Rf8+ Kd7 21. Rf7+ Kc8 22. Rf8+ Kd7 23. Rf7+ Kc8 24. Rxg7 Rxc1 25. Rxc1 Rxc1 26. Rf7 Ra1 27. Rf2 Rxa2 28. b3 b5 29. Kf3 a5 30. Ke3 a4 31. bxa4 bxa4 32. Kd3 Ra1 33. Kc3 Rb1 34. Kd3 a3 35. c3 Rb2 36. Rxb2 axb2 37. Kc2 b1Q+ 38. Kxb1 Kd7 39. Kc1 Ke6 40. Kd1 Kf5 41. Ke2 Kf4 42. Kf2 Ke4 43. h4 Kd3 44. g4 Kxc3 45. Kg3 c5 46. g5 Kd3 47. h5 c4 48. g6 hxg6 49. hxg6 c3 50. g7 c2 51. g8Q c1Q 52. Qg6+ Kd2 53. Qg5+ Kd1 54. Qg4+ Kd2 55. Qf4+ Kd1 56. Qf3+ Kd2 57. Qf2+ Kd1 1/2-1/2

[Event "Hannover-ch U18"]
[Site "Lehrte"]
[Date "2013.10.20"]
[Round "6"]
[White "Sirkis, Alexander"]
[Black "Dorn, Sylvain"]
[Result "1-0"]
[WhiteElo "1289"]
[BlackElo "1368"]
[PlyCount "85"]
[EventDate "2013.10.20"]
[EventType "tourn"]
[EventRounds "7"]
[EventCountry "GER"]
[SourceTitle "EXT 2021"]
[Source "ChessBase"]
[SourceDate "2020.10.23"]
[SourceVersion "1"]
[SourceVersionDate "2020.10.23"]
[SourceQuality "1"]

1. e4 e5 2. Nf3 Nc6 3. Bb5 a6 4. Bxc6 dxc6 5. 0-0 Bd6 6. d4 f6 7. dxe5 fxe5 8. Nxe5 Bxe5 9. Qh5+ Kf8 10. Qxe5 h6 11. Nc3 Nf6 12. Bf4 Ne8 13. Qc5+ Kg8 14. Rad1 Qf6 15. Bg3 Bg4 16. f3 Be6 17. Rfe1 Kh7 18. Qd4 Qf7 19. a3 Nf6 20. Be5 Ne8 21. Ne2 Rg8 22. Ng3 Qe7 23. Qb4 Qxb4 24. axb4 Rc8 25. f4 Rf8 26. f5 Bg8 27. Rd7 Kh8 28. Nh5 Rf7 29. Red1 Kh7 30. g4 Kh8 31. h4 Nf6 32. Nxf6 gxf6 33. Rxf7 Bxf7 34. Bxf6+ Kg8 35. g5 hxg5 36. hxg5 Re8 37. e5 Bd5 38. Re1 b6 39. Kf2 a5 40. bxa5 bxa5 41. Kg3 a4 42. Re2 Rb8 43. Rh2 1-0

[Event "Hannover-ch U16/18"]
[Site "Lehrte"]
[Date "2012.10.23"]
[Round "5"]
[White "Sirkis, Alexander"]
[Black "Dorn, Sylvain"]
[Result "0-1"]
[WhiteElo "1269"]
[BlackElo "1361"]
[PlyCount "62"]
[EventDate "2012.10.23"]
[EventType "swiss"]
[EventRounds "7"]
[EventCountry "GER"]
[SourceTitle "EXT 2021"]
[Source "ChessBase"]
[SourceDate "2020.10.23"]
[SourceVersion "1"]
[SourceVersionDate "2020.10.23"]
[SourceQuality "1"]

1. e4 e5 2. Nf3 Nc6 3. Bb5 d6 4. d4 Bd7 5. Nc3 a6 6. Bxc6 Bxc6 7. dxe5 dxe5 8. Qxd8+ Rxd8 9. Nxe5 Bb4 10. Nxc6 bxc6 11. 0-0 Ne7 12. Ne2 0-0 13. Ng3 Bd6 14. f3 Rd7 15. Be3 Be5 16. c3 Rfd8 17. Rae1 Rb8 18. Rf2 Ng6 19. Nf5 Rbd8 20. Bd4 Bxd4 21. Nxd4 Ne5 22. Rfe2 c5 23. Nb3 Nd3 24. Rf1 c4 25. Na5 Nf4 26. Ree1 Rd2 27. Nxc4 Rxg2+ 28. Kh1 h5 29. e5 h4 30. Re4 g5 31. Rxf4 Rxb2 0-1

[Event "Hannover-ch U16/18"]
[Site "Lehrte"]
[Date "2012.10.23"]
[Round "1"]
[White "Sirkis, Alexander"]
[Black "Schilling, Ramon"]
[Result "1/2-1/2"]
[WhiteElo "1269"]
[BlackElo "789"]
[PlyCount "28"]
[EventDate "2012.10.23"]
[EventType "swiss"]
[EventRounds "7"]
[EventCountry "GER"]
[SourceTitle "EXT 2021"]
[Source "ChessBase"]
[SourceDate "2020.10.23"]
[SourceVersion "1"]
[SourceVersionDate "2020.10.23"]
[SourceQuality "1"]

1. e4 e5 2. Nf3 Nc6 3. Bb5 d5 4. Nxe5 Qd6 5. d4 dxe4 6. Nc3 Bd7 7. Nxe4 Qd5 8. Nc5 Bxc5 9. Nxd7 Bb4+ 10. c3 Qxb5 11. cxb4 Kxd7 12. Qg4+ f5 13. Qxg7+ Nge7 14. a3 Qd5 1/2-1/2

[Event "Hannover-ch U16/18"]
[Site "Lehrte"]
[Date "2011.10.18"]
[Round "7"]
[White "Jakob, Henning"]
[Black "Sirkis, Alexander"]
[Result "1/2-1/2"]
[WhiteElo "1379"]
[BlackElo "1236"]
[PlyCount "132"]
[EventDate "2011.10.15"]
[EventType "swiss"]
[EventRounds "7"]
[EventCountry "GER"]
[SourceTitle "EXT 2021"]
[Source "ChessBase"]
[SourceDate "2020.10.23"]
[SourceVersion "1"]
[SourceVersionDate "2020.10.23"]
[SourceQuality "1"]

1. e4 c5 2. Nf3 d6 3. Bb5+ Bd7 4. Bxd7+ Qxd7 5. 0-0 Nc6 6. c4 g6 7. d4 cxd4 8. Nxd4 Nf6 9. Nc3 Bg7 10. f4 Nxe4 11. Nxe4 Bxd4+ 12. Kh1 0-0 13. Qf3 Bg7 14. Rb1 a6 15. Rd1 Qc7 16. b3 Rad8 17. Ba3 b5 18. b4 bxc4 19. Rbc1 d5 20. Nc5 e6 21. Nxa6 Qd7 22. Qf2 Qa7 23. Qxa7 Nxa7 24. b5 Nxb5 25. Bxf8 Bxf8 26. a4 Na7 27. Rb1 Nc6 28. Rb6 Rc8 29. Rc1 Be7 30. g3 Bd8 31. Rb7 Ba5 32. Nc5 Bd2 33. Rc2 Be3 34. Nd7 Nd4 35. Ra2 c3 36. a5 c2 37. Ra1 c1Q+ 38. Rxc1 Rxc1+ 39. Kg2 Ra1 40. Nf6+ Kg7 41. Ne8+ Kf8 42. Nd6 Rxa5 43. Nxf7 Nc6 44. Ng5 h6 45. Nxe6+ Kg8 46. Rg7+ Kh8 47. Rxg6 Ra7 48. Kf3 d4 49. Nf8 Nb4 50. Rxh6+ Kg7 51. Rh7+ Kxf8 52. Rxa7 Bg1 53. h4 d3 54. Ra1 Bd4 55. Rb1 d2 56. Ke2 Bc3 57. h5 Kg7 58. g4 Kh6 59. Kd1 Nd3 60. Kc2 Nf2 61. Kxc3 d1Q 62. Rxd1 Nxd1+ 63. Kd4 Nf2 64. g5+ Kxh5 65. Ke5 Kg6 66. f5+ Kxg5 1/2-1/2

[Event "Hannover-ch U16/18"]
[Site "Lehrte"]
[Date "2011.10.17"]
[Round "6"]
[White "Sirkis, Alexander"]
[Black "Baeuerlein, Johannes"]
[Result "1/2-1/2"]
[WhiteElo "1236"]
[BlackElo "1586"]
[PlyCount "44"]
[EventDate "2011.10.15"]
[EventType "swiss"]
[EventRounds "7"]
[EventCountry "GER"]
[SourceTitle "EXT 2021"]
[Source "ChessBase"]
[SourceDate "2020.10.23"]
[SourceVersion "1"]
[SourceVersionDate "2020.10.23"]
[SourceQuality "1"]

1. e4 g6 2. d4 d6 3. Nf3 Bg7 4. Bc4 Nf6 5. Nc3 c6 6. Bb3 b5 7. a3 0-0 8. 0-0 e6 9. Re1 d5 10. e5 Nfd7 11. Ne2 c5 12. c3 Nc6 13. Ng3 c4 14. Bc2 a5 15. Qe2 Rb8 16. Bd2 Qc7 17. h4 b4 18. axb4 axb4 19. h5 b3 20. Bb1 Nb6 21. h6 Bh8 22. Nh2 Ne7 1/2-1/2

[Event "Hannover-ch U16/18"]
[Site "Lehrte"]
[Date "2011.10.16"]
[Round "4"]
[White "Sirkis, Alexander"]
[Black "Brauer, Jan"]
[Result "0-1"]
[WhiteElo "1236"]
[BlackElo "1134"]
[PlyCount "60"]
[EventDate "2011.10.15"]
[EventType "swiss"]
[EventRounds "7"]
[EventCountry "GER"]
[SourceTitle "EXT 2021"]
[Source "ChessBase"]
[SourceDate "2020.10.23"]
[SourceVersion "1"]
[SourceVersionDate "2020.10.23"]
[SourceQuality "1"]

1. e4 e5 2. Nf3 Nc6 3. Bc4 Bc5 4. c3 Nf6 5. 0-0 0-0 6. d3 h6 7. Nbd2 d6 8. h3 a6 9. Re1 Na5 10. d4 Nxc4 11. Nxc4 exd4 12. cxd4 Ba7 13. Bf4 b5 14. Ncd2 Bb7 15. Rc1 Re8 16. Qc2 Rc8 17. e5 Nd5 18. Bh2 dxe5 19. Nxe5 Bxd4 20. Ndf3 Bxe5 21. Nxe5 Nb6 22. Red1 Qg5 23. Nc6 Nc4 24. f4 Qf6 25. Ne5 Ne3 26. Ng4 Nxg4 27. hxg4 Qe6 28. Qf5 Qe2 29. Qc2 Qxg4 30. Qf2 Re2 0-1

[Event "Hannover-ch U14"]
[Site "Lehrte"]
[Date "2010.10.09"]
[Round "2"]
[White "Baeuerlein, Johannes"]
[Black "Sirkis, Alexander"]
[Result "0-1"]
[WhiteElo "1467"]
[BlackElo "1029"]
[PlyCount "50"]
[EventDate "2010.10.09"]
[EventType "swiss"]
[EventRounds "7"]
[EventCountry "GER"]
[SourceTitle "EXT 2021"]
[Source "ChessBase"]
[SourceDate "2020.10.23"]
[SourceVersion "1"]
[SourceVersionDate "2020.10.23"]
[SourceQuality "1"]

1. e4 c5 2. Nf3 d6 3. d4 cxd4 4. Nxd4 Nf6 5. Nc3 g6 6. Be3 Bg7 7. f3 Nc6 8. Qd2 0-0 9. 0-0-0 Bd7 10. h4 h5 11. Be2 Rc8 12. Rdg1 Ne5 13. f4 Neg4 14. Rf1 Nxe3 15. Qxe3 e5 16. Nb3 exf4 17. Qxf4 Bc6 18. Rd1 Qc7 19. Qxd6 Nxe4 20. Qxc7 Rxc7 21. Rhf1 Nxc3 22. bxc3 Bxg2 23. Rg1 Be4 24. Nd4 Rxc3 25. Bf3 Bxf3 0-1